Представление документа в формате MARC21

Поле Инд. ПП Название Значение
Тип записи a
Библиографический уровень m
001 Контрольный номер d5b52182-bc15-46be-bfd1-31202e5b7e8c
005 Дата корректировки 20140703132032.8
008 Кодируемые данные 041217
020 a ISBN 5-85438-050-1
c Цена, тираж 77.00
040 a Служба первич. каталог. НБ ТвГУ
041 a Код языка текста rus
080 a Индекс УДК 504(075.8)
a Индекс УДК 614.8(075.8)
084 a Индекс другой классификации/Индекс ББК Б1я73-1
a Индекс другой классификации/Индекс ББК Ц69я73-1
090 x Авторский знак П12
a Полочн. индекс Б1
100 1_ a Автор Павлов Андрей Николаевич
245 10 a Заглавие Безопасность жизнедеятельности и перспективы экоразвития
b Продолж. заглавия учеб. пособие для студентов вузов телекоммуникац. профиля
c Ответственность А. Н. Павлов, В. М. Кириллов
260 0_ a Место издания Москва
b Издательство Гелиос АРВ
c Дата издания 2002
300 a Объем 351, [1] с.
b Иллюстрации/ тип воспроизводства ил., табл.
504 a Библиография Библиогр.: с.344-349.
583 a Действие Получение впервые 447 16.12.2004
k Исполнитель действия ООО "Издательство "Гелиос АРВ"
650 a Основная рубрика Экология
x Основная подрубрика Учебники для вузов
650 a Основная рубрика Безопасность жизнедеятельности
653 a Ключевые слова Экология
a Ключевые слова Экоразвитие
a Ключевые слова Экологическое развитие
a Ключевые слова Безопасность жизнедеятельности
700 1_ a Другие авторы Кириллов Владимир Михайлович
e Роль лиц авт.
852 t Порядковый номер экземпляра 16
p Инвентарный номер 794480
p Инвентарный номер 794495
p Инвентарный номер 794494
p Инвентарный номер 794493
p Инвентарный номер 794492
p Инвентарный номер 794491
p Инвентарный номер 794490
p Инвентарный номер 794489
p Инвентарный номер 794488
p Инвентарный номер 794487
p Инвентарный номер 794486
p Инвентарный номер 794485
p Инвентарный номер 794484
p Инвентарный номер 794483
p Инвентарный номер 794482
p Инвентарный номер 794481
863 t 00020337
863 t 00020336
863 t 00020335
863 t 00020334
863 t 00020333
863 t 00020332
863 t 00020331
863 t 00020330
863 t 00020329
863 t 00020328
863 t 00020327
863 t 00020326
863 t 00020325
863 t 00020324
863 t 00020323
863 t 00020322
888 a За счет средств университета
930 a Новая/Ретро учебники
952 p 447.2004 77.00 1 794480
p 447.2004 77.00 1 794481
p 447.2004 77.00 1 794482
p 447.2004 77.00 1 794483
p 447.2004 77.00 1 794484
p 447.2004 77.00 1 794485
p 447.2004 77.00 1 794486
p 447.2004 77.00 1 794487
p 447.2004 77.00 1 794488
p 447.2004 77.00 1 794489
p 447.2004 77.00 1 794490
p 447.2004 77.00 1 794491
p 447.2004 77.00 1 794492
p 447.2004 77.00 1 794493
p 447.2004 77.00 1 794494
p 447.2004 77.00 1 794495
c Вид литературы К ру
954 a Дата поступления на обработку 20050111
999 a Подразделение 2 Фил3